000 00266nam a22001217a 4500
008 181009b xxu||||| |||| 00| 0 eng d
041 _aeng
080 _a321
100 _a15
101 _aSHJ
245 _aThe Best Lawyers in America
_cNaifeh, S
942 _2udc
_cBK
999 _c49134
_d49134